|
|
|
|
| LEADER |
00000nam0a2200000 4500 |
| 001 |
113847 |
| 005 |
20231031122031.0 |
| 035 |
|
|
|a (RuTPU)RU\TPU\book\123116
|
| 090 |
|
|
|a 113847
|
| 100 |
|
|
|a 20070417d1974 km y0rusy50 ca
|
| 101 |
0 |
|
|a rus
|
| 102 |
|
|
|a RU
|
| 105 |
|
|
|a a z 001zy
|
| 200 |
1 |
|
|a Транспорт и хранение углеводородных сжиженных газов
|f Б. С. Рачевский, С. М. Рачевский, И. И. Радчик
|
| 210 |
|
|
|a Москва
|c Недра
|d 1974
|
| 215 |
|
|
|a 256 с.
|c ил.
|
| 320 |
|
|
|a Библиогр.: с. 252-255.
|
| 610 |
1 |
|
|a химическая технология
|
| 610 |
1 |
|
|a углеводородные газы
|
| 610 |
1 |
|
|a сжиженные газы
|
| 610 |
1 |
|
|a сжиженные углеводородные газы
|
| 610 |
1 |
|
|a транспортировка
|
| 610 |
1 |
|
|a хранение
|
| 610 |
1 |
|
|a техника безопасности
|
| 675 |
|
|
|a 665.7/8
|v 3
|
| 700 |
|
1 |
|a Рачевский
|b Б. С.
|g Борис Соломонович
|
| 701 |
|
1 |
|a Рачевский
|b С. М.
|g Соломон Михайлович
|
| 701 |
|
1 |
|a Радчик
|b И. И.
|g Иосиф Изральевич
|
| 801 |
|
1 |
|a RU
|b 63413507
|c 20070417
|g PSBO
|
| 801 |
|
2 |
|a RU
|b 63413507
|c 20080404
|g PSBO
|
| 942 |
|
|
|c BK
|